00448 2200169 4500001002100000005001500021035002000036245007900056100001800135250000600153300001600159260003700175082001000212084001600222990002000238990002000258INLIS00000000000095320240306080330 a0010-03240000511 aCerita Legenda Sangkuriang dan Lutung Kasarung :bCerita Rakyat Jawa Barat0 aPuput Mugiati a1 a128 :bilus aSurabaya :bKarya Gemilang Utama a398.2 a398.2 PUP c a3226/BBTIV/2022 a3225/BBTIV/2022